01278nam a2200277 a 4500001001000000005001700010008004100027041000800068044000700076084002000083100004500103245010700148260003100255300001700286500018100303500006200484500012400546500001000670546002400680650005200704650005600756650003400812650005700846700004700903740005000950BRCA_289820190320204023.0111208s1852----gw-#---###---#000-0#ger-u ager agw a289b.H64c18521 aCervantes Saavedra, Miguel ded1547-161610aLeben und Thaten des scharfsinnigen Edlen Don Quixote von La Manchacvon Miguel de Cervantes Saavedra. aBerlínbA. Hofmannc1852 a2 v.c16 cm. aContenido : v 1. Primera parte. Dedicatoria del autor. Prólogo del autor. Versos preliminares. Texto. -- v 2. Segunda parte. Dedicatoria del autor. Prólogo del autor. Texto aEdición : Übersetz von Ludwig Tieck. Dritte ver. Aufl aTercera edición de la traducción de Tieck. La impresión se distingue por la nitidez de los tipos Lúdovik Osterc aQM520 aTexto en : alemán14aNovela españolayÉpoca clásica, 1500-170014aLiteratura españolayÉpoca clásica, 1500-170014aNovela españolaySiglo XVII14aDon Quijote (Personaje ficticio)eNovelaySiglo XVII1 aTieck, Johann Ludwigd1773-1853eTraductor0 aEl Ingenioso Hidalgo Don Quijote de la Mancha